Statistics for British Sport Trivia

Click here to take the quiz!

General Stats

  • This quiz has been taken 17,674 times
    (10,645 since last reset)
  • The average score is 13 of 21

Answer Stats

QuestionAnswer% Correct
At what stadium do Manchester United play?Old Trafford
89%
What is the biggest stadium in London?Wembley
88%
Which universities participate in the annual Boat Race?Oxford
87%
Which universities participate in the annual Boat Race?Cambridge
84%
What British racer has won a record seven Formula One titles?Lewis Hamilton
81%
What is the nickname of the English football team?The Three Lions
79%
What sport has one white ball, 15 red balls, and 6 coloured balls?Snooker
78%
Who is the only British man to win a Wimbledon singles title since 1936?Andy Murray
74%
What are the two main types of rugby?Rugby {Union}
71%
What song is the anthem of Liverpool F.C.?
You'll Never Walk Alone
69%
What are the two main types of rugby?Rugby {League}
65%
At what Olympic event did royal granddaughter Zara Phillips win a silver medal?Equestrian
60%
At what sport did Phil Taylor win 16 world championships?Darts
56%
What is the term for a batter scoring 100 runs in a single inning of cricket?Century
53%
In which Scottish town would you find the "Old Course"?St. Andrews
51%
Who was the captain of England's 1966 World Cup team?Bobby Moore
49%
In what event did Paula Radcliffe once hold the world record?Marathon
46%
Which Scottish Highland Game involves throwing a giant pole?{Caber} Toss
45%
Which sport is governed by Queensbury rules?Boxing
43%
Besides tennis, what sport is played at Wimbledon?Croquet
39%
In what town are the Derby Stakes held?Epsom
22%

Score Distribution

Percentile by Number Answered

Percent of People with Each Score

Your Score History

You have not taken this quiz since the last reset